Normal view
MARC view
- الادارة المحلية - التجربة المصرية - التخطيط الاداري- البلاد العربية
Entry Topical Term
001 - CONTROL NUMBER
- control field: 52026
003 - CONTROL NUMBER IDENTIFIER
- control field: JO-AjAnu
005 - DATE AND TIME OF LATEST TRANSACTION
- control field: 20230606082544.0
008 - FIXED-LENGTH DATA ELEMENTS
- fixed length control field: 230606|| aca||aabn | a|a d
040 ## - CATALOGING SOURCE
- Original cataloging agency: JO-AjAnu
- Transcribing agency: JO-AjAnu
150 ## - HEADING--TOPICAL TERM
- Topical term or geographic name entry element: الادارة المحلية - التجربة المصرية - التخطيط الاداري- البلاد العربية
670 ## - SOURCE DATA FOUND
- Source citation: Work cat.: (JO-AjAnu)26589: زايد، عادل محمد, author 52025, تطوير مستقبل الإدارة المحلية العربية: دروس مستفادة من التجربة المصرية